Catálogo de la Biblioteca Horacio González - Universidad Nacional de General Sarmiento

La película del rey (Registro nro. 54564)

Detalles MARC
000 -CABECERA
campo de control de longitud fija 01428ngm a22003490a 4500
001 - NÚMERO DE CONTROL
campo de control PT19537
003 - IDENTIFICADOR DEL NÚMERO DE CONTROL
campo de control AR-LpoUNG
005 - FECHA Y HORA DE LA ÚLTIMA TRANSACCIÓN
campo de control 20210202000311.0
007 - CAMPO FIJO DE DESCRIPCIÓN FÍSICA--INFORMACIÓN GENERAL
campo de control de longitud fija vd cvaizq
008 - DATOS DE LONGITUD FIJA--INFORMACIÓN GENERAL
campo de control de longitud fija 191001s1986||||ag |||||||||||||||||spa d
037 ## - FUENTE DE ADQUISICIÓN
Condiciones de disponibilidad $8,30
040 ## - FUENTE DE LA CATALOGACIÓN
Centro catalogador/agencia de origen AR-LpoUNG
Lengua de catalogación spa
Centro/agencia transcriptor AR-LpoUNG
Normas de descripción aacr
041 ## - CÓDIGO DE LENGUA
Código de lengua del texto/banda sonora o título independiente spa
044 ## - CÓDIGO DEL PAÍS DE LA ENTIDAD EDITORA/PRODUCTORA
Código MARC del país ag
082 0# - NÚMERO DE LA CLASIFICACIÓN DECIMAL DEWEY
Número de clasificación 791.4 714pel
100 1# - ENTRADA PRINCIPAL--NOMBRE DE PERSONA
Nombre de persona Sorín, Carlos
245 13 - MENCIÓN DE TÍTULO
Título La película del rey
260 ## - PUBLICACIÓN, DISTRIBUCIÓN, ETC.
Lugar de publicación, distribución, etc. Buenos Aires :
Nombre del editor, distribuidor, etc. Video Laser,
Fecha de publicación, distribución, etc. 1986.
300 ## - DESCRIPCIÓN FÍSICA
Extensión VHS (107 min.) : son., col.
505 0# - NOTA DE CONTENIDO CON FORMATO
Nota de contenido con formato Hecha en 1986. - Versión original. - Elenco: Ulises Dumont, Julio Chávez, Villanueva Cosse, Roxana Berco, Ana María Giunta, David Llewellyn.
520 ## - SUMARIO, ETC.
Sumario, etc. Un cineasta quiere filmar la vida de Oreille Antoine de Tourens, el legendario francés que en el siglo XIX se proclamó rey de la Patagonia. Pero creador y criatura se confunden cuando, en el medio del desierto, el rodaje se ve envuelto en dificultades cada vez mayores. La determinación del protagonista por llevar adelante su obra en un entorno que se desintegra refiere metafóricamente, además, a la incierta situación de la Argentina tras la sangrienta dictadura transcurrida entre 1976 y 1983.
650 #4 - PUNTO DE ACCESO ADICIONAL DE MATERIA--TÉRMINO DE MATERIA
Término de materia o nombre geográfico como elemento de entrada ARGENTINA
650 #4 - PUNTO DE ACCESO ADICIONAL DE MATERIA--TÉRMINO DE MATERIA
Término de materia o nombre geográfico como elemento de entrada CINE
650 #4 - PUNTO DE ACCESO ADICIONAL DE MATERIA--TÉRMINO DE MATERIA
Término de materia o nombre geográfico como elemento de entrada DICTADURA
650 #4 - PUNTO DE ACCESO ADICIONAL DE MATERIA--TÉRMINO DE MATERIA
Término de materia o nombre geográfico como elemento de entrada HISTORIA
650 #4 - PUNTO DE ACCESO ADICIONAL DE MATERIA--TÉRMINO DE MATERIA
Término de materia o nombre geográfico como elemento de entrada PELICULAS
653 ## - TÉRMINO DE INDIZACIÓN--NO CONTROLADO
Término no controlado CINE ARGENTINO
653 ## - TÉRMINO DE INDIZACIÓN--NO CONTROLADO
Término no controlado VHS
653 ## - TÉRMINO DE INDIZACIÓN--NO CONTROLADO
Término no controlado VIDEOS
905 ## - ELEMENTOS DE DATOS E LOCAL, LDE (RLIN)
a 19537
942 ## - ELEMENTOS DE PUNTO DE ACCESO ADICIONAL (KOHA)
Tipo de ítem Koha Video
Existencias
Estado de retiro Estado de pérdida Estado dañado No para préstamo Código de colección Localización permanente Ubicación/localización actual Fecha de adquisición Total de préstamos Signatura topográfica completa Código de barras Fecha visto por última vez Precio válido a partir de Tipo de ítem Koha
        Colección Cine Biblioteca Universidad Nacional de General Sarmiento Biblioteca Universidad Nacional de General Sarmiento 02/02/2021   791.4 714pel 00021234 02/02/2021 02/02/2021 Video